000 00265nam a22001217a 4500
008 180215b xxu||||| |||| 00| 0 eng d
041 _aeng
080 _a61
100 _a3
101 _ashm
245 _athe adult stroke patient
_cbarbara .z
942 _2udc
_cBK
999 _c42577
_d42577